[Event "AUTO-MASTER-46"]
[Site "http://www.queenalice.com/game.php?id=30055"]
[Date "2005.9.23"]
[Round "1"]
[White "ENDHER"]
[Black "mza"]
[Result "1-0"]
[WhiteElo "1674"]
[BlackElo "1520"]

1. d4 e6 2. c4 Bb4+ 3. Nc3 Nf6 4. Nf3 Ne4 5. Qb3 Nxc3 6. bxc3 Bd6 7. c5 Be7 8.
e4 Nc6 9. Bb5 Na5 10. Qa4 b6 11. Ne5 O-O 12. cxb6 axb6 13. Qd1 c6 14. Bd3 Bd6
15. Nf3 c5 16. O-O c4 17. Bc2 b5 18. e5 Be7 19. a4 Ba6 20. Qe2 d5 21. exd6 Qxd6
22. Ba3 Qc7 23. Qe4 g6 24. Bc1 Nb3 25. Bh6 Nxa1 26. Bxf8 Rxf8 27. Rxa1 Bb7 28.
Qe3 Ra8 29. Ne5 Bd6 30. Ng4 Bf4 31. Qh3 Kg7 32. g3 Qc6 33. Kf1 Qh1+ 34. Ke2 Qxa1
35. gxf4 bxa4 36. Qh6+ Kg8 37. Nf6+ 1-0

[Event "AUTO-MASTER-46"]
[Site "http://www.queenalice.com/game.php?id=30056"]
[Date "2005.9.23"]
[Round "1"]
[White "mza"]
[Black "ENDHER"]
[Result "0-1"]
[WhiteElo "1510"]
[BlackElo "1684"]

1. e4 e5 2. Nf3 Nc6 3. Bc4 h6 4. O-O Nf6 5. Nc3 Bb4 6. a3 Bxc3 7. bxc3 O-O 8. d3
d6 9. h3 a6 10. Nh4 Nxe4 11. dxe4 Qxh4 12. Qe2 Na5 13. Ba2 Kh8 14. Qf3 f5 15.
Kh2 Bd7 16. Bb3 fxe4 17. Qe3 Rf3 18. gxf3 Qxh3+ 19. Kg1 Rf8 20. Bd5 Rxf3 21.
Qxe4 Bg4 22. Rb1 b6 23. Be3 Qh5 24. Rfe1 Bf5 25. Qb4 Rh3 26. Kf1 e4 27. Bxe4
Bxe4 28. Qxe4 Rh1+ 29. Qxh1 Qxh1+ 30. Ke2 Qh5+ 31. f3 Nc4 32. Kd1 Qxf3+ 33. Kc1
Nxe3 34. Kb2 a5 35. a4 Qe4 36. Rbc1 Nc4+ 37. Kb3 Nd2+ 38. Kb2 Qxa4 39. Ra1 Nc4+
40. Kb1 Qb5+ 41. Kc1 Qb2+ 42. Kd1 Qxa1+ 43. Ke2 Qxc3 44. Kf1 Qf3+ 45. Kg1 Ne3
46. Rxe3 Qxe3+ 47. Kf1 Qd2 48. Kg1 a4 49. c4 a3 0-1

[Event "AUTO-MASTER-47"]
[Site "http://www.queenalice.com/game.php?id=30362"]
[Date "2005.9.25"]
[Round "1"]
[White "Montalbano"]
[Black "mza"]
[Result "1-0"]
[WhiteElo "2039"]
[BlackElo "1558"]

1. e4 e5 2. Nf3 Nc6 3. Bb5 Qe7 4. O-O Nf6 5. Qe2 a6 6. Ba4 Qc5 7. c3 b5 8. b4
Qc4 9. d3 Qe6 10. Bb3 Qe7 11. a4 bxa4 12. Rxa4 Bb7 13. Qa2 g6 14. b5 Bg7 15.
bxc6 dxc6 16. d4 Nxe4 17. dxe5 Nc5 18. Ba3 O-O 19. Nbd2 Bxe5 20. Re4 Qd6 21.
Rxe5 Rae8 22. Bxf7+ Rxf7 23. Rxe8+ Kg7 24. Ng5 Re7 25. Qg8+ Kf6 26. Ndf3 Rxe8
27. Qf7# 1-0

[Event "AUTO-MASTER-47"]
[Site "http://www.queenalice.com/game.php?id=30363"]
[Date "2005.9.25"]
[Round "1"]
[White "mza"]
[Black "Montalbano"]
[Result "0-1"]
[WhiteElo "1469"]
[BlackElo "1948"]

1. e4 c5 2. e5 Nc6 3. Nf3 d6 4. Bc4 dxe5 5. Ng5 e6 6. Qf3 Qxg5 7. Nc3 Nd4 8. Qd3
Qxg2 9. Rf1 Bd7 10. Bd5 exd5 11. Ne2 Nf3+ 0-1

[Event "AUTO-MASTER-47"]
[Site "http://www.queenalice.com/game.php?id=30376"]
[Date "2005.9.25"]
[Round "1"]
[White "mza"]
[Black "rusoma"]
[Result "0-1"]
[WhiteElo "1488"]
[BlackElo "1765"]

1. e4 e5 2. Nf3 Nc6 3. Bc4 d6 4. O-O Bg4 5. h3 Bh5 6. d3 h6 7. Nc3 Nd4 8. Nd5
Bxf3 9. gxf3 Qd7 10. Kh2 Be7 11. Rg1 Bg5 12. Bxg5 hxg5 13. Rg3 f5 14. f4 gxf4
15. Rg5 fxe4 16. Qf1 Nf3+ 17. Kh1 Rxh3+ 18. Qxh3 Qxh3# 0-1

[Event "AUTO-MASTER-47"]
[Site "http://www.queenalice.com/game.php?id=30377"]
[Date "2005.9.25"]
[Round "1"]
[White "rusoma"]
[Black "mza"]
[Result "1-0"]
[WhiteElo "1757"]
[BlackElo "1479"]

1. e4 e5 2. Nf3 Nc6 3. Bc4 Nh6 4. d4 exd4 5. Nxd4 Bc5 6. Bxh6 gxh6 7. Nf5 Qf6 8.
Nc3 d6 9. Nd5 Qxb2 10. Nxc7+ Kd8 11. Nd5 Bxf5 12. exf5 Qe5+ 13. Be2 Qxf5 14. O-O
h5 15. Bxh5 Re8 16. Bg4 Qg6 17. Qf3 Ne5 18. Qf4 Nxg4 19. h3 Nh6 20. Rae1 Re6 21.
c4 Rxe1 22. Rxe1 Qf5 23. Qh4+ f6 24. Nxf6 Kc7 25. Nd5+ Kd7 26. Qe7+ Kc8 27. Qc7#
1-0

[Event "AUTO-MASTER-47"]
[Site "http://www.queenalice.com/game.php?id=30378"]
[Date "2005.9.25"]
[Round "1"]
[White "mza"]
[Black "Gandwynn"]
[Result "1-0"]
[WhiteElo "1499"]
[BlackElo "1563"]

1. e4 e5 2. Nf3 Nc6 3. Bc4 Bc5 4. O-O Nf6 5. Nc3 O-O 6. Nd5 Nxd5 7. Bxd5 d6 8.
h3 Be6 9. Bxe6 fxe6 10. c3 Qf6 11. b4 Bb6 12. a4 a6 13. a5 Ba7 14. d3 d5 15. Bg5
Qf7 16. d4 exd4 17. cxd4 dxe4 18. Ne5 Nxe5 19. dxe5 Qf5 20. Be3 Bxe3 21. fxe3
Qxf1+ 22. Qxf1 Rxf1+ 23. Rxf1 Rf8 24. Rd1 Rf5 25. Rd8+ Rf8 26. Rd7 Rf7 27. Rd8+
Rf8 28. Rd4 1-0

[Event "AUTO-MASTER-47"]
[Site "http://www.queenalice.com/game.php?id=30379"]
[Date "2005.9.25"]
[Round "1"]
[White "Gandwynn"]
[Black "mza"]
[Result "0-1"]
[WhiteElo "1527"]
[BlackElo "1535"]

1. e4 e5 2. f4 exf4 3. Nf3 Qe7 4. Nc3 c6 5. d4 g5 6. Bc4 f5 7. Ne5 d5 8. exd5
Nh6 9. Qh5+ Kd8 10. Qxh6 Bxh6 11. O-O g4 12. dxc6 Nxc6 13. Nf7+ Kc7 14. Nd5+ Kd7
15. Nxe7 Kxe7 16. Nxh8 Nxd4 17. Re1+ Kf6 18. c3 Nc2 19. Bd2 Nxa1 20. Rxa1 Be6
21. Bxe6 Kxe6 22. Rf1 Rxh8 23. Bxf4 Bxf4 24. Rxf4 Ke5 25. Rd4 h5 26. Kf2 h4 27.
Ke3 h3 28. Kf2 hxg2 0-1

[Event "Challenge"]
[Site "http://www.queenalice.com/game.php?id=33122"]
[Date "2005.10.14"]
[Round "-"]
[White "mza"]
[Black "Adriano_Pereira"]
[Result "1-0"]
[WhiteElo "1474"]
[BlackElo "1463"]

1. e4 e5 2. Nf3 d6 3. Nc3 c5 4. Bb5+ Nc6 5. d3 a6 6. Bc4 b5 7. Bd5 Nge7 8. O-O
Nxd5 9. exd5 Nd4 10. Nxd4 cxd4 11. Ne4 Bb7 12. Qf3 Bxd5 13. h3 Bxe4 14. Qxe4 Rc8
15. Qb7 Rxc2 16. Qxa6 Qb8 17. b4 d5 18. a4 bxa4 19. Qxa4+ Kd8 20. Qxc2 Qxb4 21.
Ra8+ Ke7 22. Bg5+ f6 23. Qc7+ Ke6 24. g4 fxg5 25. Re8+ Kf6 26. Qxe5+ Kf7 27.
Qe6# 1-0

[Event "Challenge"]
[Site "http://www.queenalice.com/game.php?id=34446"]
[Date "2005.10.22"]
[Round "-"]
[White "mza"]
[Black "Adriano_Pereira"]
[Result "1-0"]
[WhiteElo "1557"]
[BlackElo "1437"]

1. e4 e5 2. Nf3 d6 3. Bb5+ c6 4. Bd3 Qf6 5. O-O Qg6 6. Nh4 Qg5 7. g3 Bg4 8. Be2
Nf6 9. d3 Qh5 10. f3 g5 11. fxg4 Qh6 12. Rf5 Rg8 13. Qf1 Nbd7 14. Kg2 Qg7 15.
Bxg5 Be7 16. h3 h6 17. Bxf6 Bxf6 18. Rh5 Bg5 19. Nf5 Qf6 20. h4 Be3 21. Nc3 Qd8
22. Nxd6+ Ke7 23. Nxf7 Qf8 24. Nxe5 Qxf1+ 25. Bxf1 Ke6 26. Nxd7 Kxd7 27. Re1 Bd2
28. Re2 Bc1 29. b3 Rxg4 30. e5 Rag8 31. Ne4 Bf4 32. Nf6+ Ke6 33. Nxg8 Rxg3+ 34.
Kf2 Rxg8 35. Bh3+ Kf7 36. Rf5+ Kg6 37. Rxf4 Kh5 38. e6 1-0

[Event "AUTO-MASTER-60"]
[Site "http://www.queenalice.com/game.php?id=34936"]
[Date "2005.10.26"]
[Round "1"]
[White "refutor"]
[Black "mza"]
[Result "1-0"]
[WhiteElo "1625"]
[BlackElo "1616"]

1. Nf3 e6 2. d4 Bb4+ 3. c3 Bd6 4. e4 c6 5. e5 Be7 6. Bd3 d6 7. O-O dxe5 8. Nxe5
Bf6 9. f4 Ne7 10. Nd2 O-O 11. Ndf3 Nf5 12. Bxf5 exf5 13. Qb3 Nd7 14. Be3 Qc7 15.
Rad1 b5 16. a4 Ba6 17. axb5 cxb5 18. Nxd7 Qxd7 19. Ne5 Qe8 20. Rfe1 Bh4 21. Bf2
Bxf2+ 22. Kxf2 Rc8 23. Ng6 hxg6 24. Rxe8 Rcxe8 25. Re1 Rxe1 26. Kxe1 Re8+ 27.
Kf2 Re4 28. g3 Kh7 29. Qxf7 Bc8 30. Qxa7 Kh6 31. Qb8 Bd7 32. Qh8# 1-0

[Event "AUTO-MASTER-60"]
[Site "http://www.queenalice.com/game.php?id=34937"]
[Date "2005.10.26"]
[Round "1"]
[White "mza"]
[Black "refutor"]
[Result "0-1"]
[WhiteElo "1570"]
[BlackElo "1629"]

1. e4 c5 2. Bc4 e6 3. Nf3 d5 4. Bb5+ Bd7 5. Bxd7+ Qxd7 6. Ne5 Qc7 7. Qh5 Nf6 8.
Qg5 Nxe4 9. Qf4 Bd6 10. Qxf7+ Qxf7 11. Nxf7 Kxf7 12. O-O Rf8 13. d3 Nf6 14. Nc3
Nc6 15. Nb5 Be7 16. Nc7 Rac8 17. Nb5 a6 18. Nc3 b5 19. b3 b4 20. Na4 a5 21. Bf4
Nh5 22. Nb6 Nxf4 23. Nxc8 Rxc8 24. g3 Ne2+ 0-1

[Event "AUTO-MASTER-60"]
[Site "http://www.queenalice.com/game.php?id=34954"]
[Date "2005.10.26"]
[Round "1"]
[White "mza"]
[Black "razoman"]
[Result "0-1"]
[WhiteElo "1493"]
[BlackElo "1965"]

1. e4 c5 2. c4 Nc6 3. Nf3 d6 4. h3 e5 5. Qb3 Nd4 6. Nxd4 cxd4 7. d3 Nf6 8. Qb5+
Nd7 9. Be2 Be7 10. Bg4 O-O 11. Bxd7 Qxd7 0-1

[Event "AUTO-MASTER-60"]
[Site "http://www.queenalice.com/game.php?id=34955"]
[Date "2005.10.26"]
[Round "1"]
[White "razoman"]
[Black "mza"]
[Result "1-0"]
[WhiteElo "1963"]
[BlackElo "1495"]

1. e4 e5 2. Nf3 Nc6 3. Bb5 d6 4. d4 a6 5. Bxc6+ bxc6 6. dxe5 dxe5 7. Qxd8+ Kxd8
8. Nxe5 Nh6 9. Bxh6 gxh6 10. Nxf7+ Ke8 11. Nxh8 1-0

[Event "AUTO-MASTER-60"]
[Site "http://www.queenalice.com/game.php?id=34956"]
[Date "2005.10.26"]
[Round "1"]
[White "mza"]
[Black "jcm"]
[Result "0-1"]
[WhiteElo "1491"]
[BlackElo "1589"]

1. e4 c5 2. Bc4 e6 3. e5 a6 4. Nf3 Qc7 5. O-O Nc6 6. Qe2 b5 7. Bd3 Bb7 8. Nc3
Nh6 9. Ng5 Nxe5 10. Nxh7 Nxd3 11. Nxf8 Bxg2 12. Kxg2 Nf4+ 0-1